Taylor Swift songs by letter - H - Statistics

General Stats
  • This quiz has been taken 48 times
    5 since last reset
  • The average score is 9 of 10
Answer Stats
Answer % Correct
happiness
100%
Haunted
100%
Hey Stephen
100%
High Infidelity
100%
hoax
100%
Holy Ground
100%
How Did It End?
100%
How You Get The Girl
100%
Hits Different
67%
Honey
33%
No matching quizzes found
Score Distribution
Percent of People with Each Score
Percentile by Number Answered
Your Score History
You have not taken this quiz since the last reset